Ensayo de un curso de iniciación geográfica (Record no. 70044)
[ view plain ]
| 000 -LEADER | |
|---|---|
| campo de control de longitud fija | 00486nam a2200157 i 4500 |
| 001 - NÚMERO DE CONTROL | |
| campo de control | 70044 |
| 003 - IDENTIFICADOR DE NÚMERO DE CONTROL | |
| campo de control | ES-MaACL |
| 007 - CAMPO FIJO DE DESCRIPCIÓN FÍSICA--INFORMACIÓN GENERAL | |
| campo de control de longitud fija | t| |
| 008 - DATOS DE LONGITUD FIJA--INFORMACIÓN GENERAL | |
| campo de control de longitud fija | 040715s1922 sp ||||1| spa d |
| 100 1# - ENTRADA PRINCIPAL--NOMBRE DE PERSONA | |
| Nombre de persona | García Miranda, Manuel |
| 9 (RLIN) | 54957 |
| 245 10 - MENCIÓN DEL TÍTULO | |
| Título | Ensayo de un curso de iniciación geográfica |
| Resto del título | : (métodos y problemas) / |
| Mención de responsabilidad, etc. | Manuel García Miranda. |
| 260 ## - PUBLICACIÓN, DISTRIBUCIÓN, ETC. | |
| Lugar de publicación, distribución, etc. | Cádiz : |
| Nombre del editor, distribuidor, etc. | Manuel Alvarez, |
| Fecha de publicación, distribución, etc. | [1922] |
| 300 ## - DESCRIPCIÓN FÍSICA | |
| Extensión | 267 p. ; |
| Dimensiones | 21 cm. |
| 852 ## - LOCALIZACIÓN | |
| Ubicación | ES-MaACL |
| Número de control de estantería | B-3073 |
| Estatus retirado | Estado de pérdida | Estado de daño | No para préstamo | Biblioteca de origen | Biblioteca actual | Ubicación en estantería | Fecha de adquisición | Fuente de adquisición | Total de préstamos | Signatura topográfica completa | Código de barras | Visto por última vez | Precio de reemplazo | Tipo de ítem Koha |
|---|---|---|---|---|---|---|---|---|---|---|---|---|---|---|
| Biblioteca del Ateneo de Madrid | Biblioteca del Ateneo de Madrid | Sala Pardo Bazán | 17/01/2008 | B-3073 | 1073348 | 23/02/2023 | 23/02/2023 | Libro impreso |
